000 00620nam a2200241Ia 4500
003 OSt
005 20221007101105.0
006 a|||||r|||| 00| 0
007 ta
008 221006b |||||||| |||| 00| 0 eng d
024 _a5,806
037 _cTextual
040 _aLCO
_cLCO
_beng
041 _2eng
_aeng
082 _aV72:2, L0
100 _aDAWSON R M G
_9702578
245 0 _aThe Government of Canada.
260 _aToronto
_bUniversity of Toronto Press
_c1970
300 _a569
650 _aGOVERNMENT
_9702413
942 _hV72:2, L0
_cTEXL
999 _c1175369
_d1175369